01461nam a2200349 a 4500001001000000003000500010005001700015008004100032010001100073011001100084040000900095090001000104100003800114245014800152260004100300500006000341502008900401590004100490590004000531590004000571650003400611650003000645650003100675650001700706856007000723901000700793942001000800942000600810999001900816952014000835952013600975000111084CHAP20220329144157.0141202s2014 mx sm |||||||spa d a107546 a108518 cCHAP aTesis1 aMorales Santiago, Leticia912888810aEvaluación del manejo de residuos sólidos en la unidad de servicios habitacionales de la UACH.h[En línea]cpor Leticia Morales Santiago. aChapingo, Méx. :bEl autor,c2014. aPara ver el contenido del material haga clic en la liga aTesis (Ing. Agr. Esp. en Recursos Naturales Renovables) -- UACH. Departamento Suelos aE11695DGDb10c20141207lUCH01h1243 aE5765TAJb05c20141202lUCH01h0850 aE5765TAJb05c20141202lUCH01h085114aBasuraxEliminación.91075914aBasuraxReciclaje.91076014aResiduos sólidos.99611914aUACH9115798 aFinding aiduhttp://10.13.5.2/tesis/sist111084.pdfzTeclea aquí aBK cTESIS n0 c107546d107546 00102local4053708TESISaBCbBCcPA_TESISd2014-12-02fTESISl0oTesisp33724002437827r2019-12-31 00:00:00tc.2w2019-12-31yTESIS 00104054718TESISaBCbBCd2014-12-02fTESISl0oTesisp33724002437868r2019-12-31 00:00:00w2019-12-31yTESISzRecien adquirido